000 00613nam a22001937a 4500
999 _c3505
_d3505
003 AR-CdUCM
008 190306b ||||| |||| 00| 0 spa d
040 _aMUNICIPALIDAD PROVINCIAL DEL CUSCO
_cBIBLIOTECA MUNICIPAL DEL CUSCO
082 _a985.009 /
_bT17T
100 _aTamayo Herrera, José
_911513
245 _aFrancisco Tamayo Pacheco /
260 _aLima :
_bMonterrico ;
_c1987.
300 _a62 páginas ;
_c21cm
440 _aColección Los que Hicieron el Perú
_n19
_911514
505 _aContenido: biografía
710 _aBiblioteca Visión Peruana
_911515
942 _2ddc
_cLIBROS
945 _anom